Μέτρα κινδύνου και οικογένειες κατανομών : πτυχιακή εργασία
Κύριος στόχος μας στο παρόν κείμενο είναι να εξετάσουμε την έννοια του κινδύνου και τον τρόπο με τον οποίο αυτός μετράται μέσα από τα πρότυπα μέτρα κινδύνου καθώς επίσης και την εξέταση των στατιστικών τους ιδιοτήτων....
Αποθηκεύτηκε σε:
| Κύριος συγγραφέας: | |
|---|---|
| Συγγραφή απο Οργανισμό/Αρχή: | |
| Μορφή: | Thesis Βιβλίο |
| Γλώσσα: | Greek |
| Δημοσίευση: |
2012.
|
| Θέματα: | |
| Διαθέσιμο Online: | http://hdl.handle.net/11610/8097 |
| Ετικέτες: |
Προσθήκη ετικέτας
Δεν υπάρχουν, Καταχωρήστε ετικέτα πρώτοι!
|
MARC
| LEADER | 00000cam a2200000 i 4500 | ||
|---|---|---|---|
| 001 | 1/31930 | ||
| 008 | 130618s2012 gr | ||| |||| ||gre|| | ||
| 035 | |l 10114826 | ||
| 040 | |a GR-MyUA |b gre |e AACR2 | ||
| 041 | 0 | |a gre | |
| 082 | 0 | |a 658.155 |2 (22) | |
| 100 | 1 | |a Λιούγκα, Πασχαλία. | |
| 245 | 1 | 0 | |a Μέτρα κινδύνου και οικογένειες κατανομών : |b πτυχιακή εργασία / |c Πασχαλία Λιούγκα ; επιβλέπων καθηγητής Χρήστος Κουντζάκης. |
| 260 | |c 2012. | ||
| 300 | |a 99 σ. ; |c 30 εκ. | ||
| 502 | |a Πτυχιακή εργασία – Πανεπιστήμιο Αιγαίου, Σάμος, 2012. | ||
| 504 | |a Βιβλιογραφία: σ. 99. | ||
| 506 | 0 | |a Διάθεση πλήρους κειμένου - Ελεύθερη πρόσβαση. | |
| 520 | |a Κύριος στόχος μας στο παρόν κείμενο είναι να εξετάσουμε την έννοια του κινδύνου και τον τρόπο με τον οποίο αυτός μετράται μέσα από τα πρότυπα μέτρα κινδύνου καθώς επίσης και την εξέταση των στατιστικών τους ιδιοτήτων. | ||
| 520 | |a The main task of the text is to investigate the mean of risk and the way it is counted. | ||
| 540 | |a Κλειδωμένη η δυνατότητα αντιγραφής (copy) του κειμένου. | ||
| 610 | 2 | 0 | |a University of the Aegean |x Dissertations. |
| 650 | 0 | 0 | |a Risk management. |
| 650 | 0 | 0 | |a Dissertations, Academic |z Greece. |
| 700 | 1 | |a Κουντζάκης, Χρήστος, |e dgs | |
| 710 | 2 | |a Πανεπιστήμιο Αιγαίου. |b Σχολή Θετικών Επιστημών. |b Τμήμα Στατιστικής και Αναλογιστικών-Χρηματοοικονομικών Μαθηματικών. | |
| 852 | |a INST |b SAMOS |c DIATR |e 20130620 |h 658.155 ΛΙΟ |p 005300040256 |q 005300040256 |t DIE |y 23 | ||
| 852 | |a INST |b SAMOS |c DIATR |e 20130620 |h 658.155 ΛΙΟ |p 005300040257 |q 005300040257 |t DIE |y 23 | ||
| 856 | |u http://hdl.handle.net/11610/8097 | ||
| 901 | |a BIBL3-2013-2 | ||
| 909 | |a Σ |b 178477 | ||
| 909 | |a Σ |b 178477 | ||
| 924 | |a ΛΙΟΥΓΚΑ |b ΠΑΣΧΑΛΙΑ |y Σάμος |z 2012-11 | ||
| 970 | |a ΚΟΣΙΕΡΗΣ |b ΧΡΗΣΤΟΣ |z 2012/06/18 | ||